|
|
|
|
| LEADER |
01272ppm a22003138a 4500 |
| 001 |
00027162 |
| 005 |
20171026081025.0 |
| 008 |
111010s2009 ||||||viesd |
| 041 |
0 |
# |
|a vie
|
| 082 |
1 |
4 |
|b H123TH
|a 539.2
|
| 100 |
1 |
# |
|a Phạm, Thị Kim Hằng
|
| 245 |
1 |
0 |
|a Hấp thụ sóng điện từ bởi Electron giam cầm trong bán dẫn siêu mạng pha tạp
|b Khóa luận tốt nghiệp : Ngành Sư phạm Vật Lý: Trình độ : Đại học
|c Phạm Thị Kim Hằng; Lương Thanh Tùng hướng dẫn
|
| 260 |
# |
# |
|a Đồng Tháp
|b Trường Đại học Đồng Tháp
|c 2009
|
| 300 |
# |
# |
|a 51 tr.
|c 30 cm.
|b hình vẽ
|e 1 bản tóm tắt
|
| 500 |
# |
# |
|a ĐTTTS ghi: Bộ Giáo dục và Đào tạo. Trường Đại học Đồng Tháp
|
| 650 |
|
|
|a Vật lí
|
| 653 |
# |
# |
|a Bán dẫn siêu
|
| 653 |
# |
# |
|a Electron
|
| 653 |
# |
# |
|a Hấp thụ
|
| 653 |
# |
# |
|a Sóng điện từ
|
| 700 |
1 |
# |
|a Lương, Thanh Tùng
|e hướng dẫn
|
| 852 |
# |
# |
|b Kho đọc
|j KD.0011690
|
| 852 |
# |
# |
|j KD.0011690
|
| 910 |
# |
# |
|a Ntuyet
|d 10/10/2011
|
| 980 |
# |
# |
|a Trung tâm Học liệu Lê Vũ Hùng, Trường Đại học Đồng Tháp
|